000 00403cam a22001217a 4500
008 180718b1972 xxu||||| |||| 00| 0 eng d
082 _aX 83 Un3 4 p
245 _aSolid waste demonstation projects
_cby Environmental Protection Agency, U.S.A.
260 _aCincinnati
_bEnvironmental Protection Agency
_c1972
300 _a256p.
650 _aSolid waste
700 _aU.S.A. Environmental Protection Agency
999 _c415202
_d415202